Štatistická ročenka Slovenskej republiky 2016
Na minha lista:
| Autor Corporativo: | |
|---|---|
| Formato: | Livro |
| Idioma: | eslovaco inglês |
| Publicado em: |
Bratislava
VEDA, vydavateľstvo Slovenskej akadémie vied
2016
|
| Assuntos: | |
| Tags: |
Sem tags, seja o primeiro a adicionar uma tag!
|
MARC
| LEADER | 00000nam$a2200000$$$4500 | ||
|---|---|---|---|
| 001 | 0226693 | ||
| 005 | 20240104131923.3 | ||
| 020 | |a 978-80-224-1541-5 | ||
| 041 | 0 | |a slo | |
| 041 | 0 | |a eng | |
| 044 | |a SK | ||
| 245 | 1 | 0 | |a Štatistická ročenka Slovenskej republiky 2016 |
| 264 | 1 | |a Bratislava |b VEDA, vydavateľstvo Slovenskej akadémie vied |c 2016 | |
| 300 | |a 671 s. | ||
| 610 | 2 | 0 | |a údaje štatistické |
| 610 | 2 | 0 | |a informácie štatistické |
| 610 | 2 | 0 | |a demografia |
| 610 | 2 | 0 | |a informácie sociálne |
| 610 | 2 | 0 | |a informácie ekonomické |
| 610 | 2 | 0 | |a makroekonomika |
| 610 | 2 | 0 | |a kriminalita |
| 610 | 2 | 0 | |a súdnictvo |
| 610 | 2 | 0 | |a nehody |
| 610 | 2 | 0 | |a pohromy živelné |
| 610 | 2 | 0 | |a rovnosť rodová |
| 610 | 2 | 0 | |a štatistika medzinárodná |
| 610 | 2 | 0 | |a údaje štatistické medzinárodné |
| 610 | 2 | 0 | |a Slovensko |
| 710 | 2 | |a Štatistický úrad Slovenskej republiky | |